|
|
|
|
| LEADER |
00000nab a2200000 ar4500 |
| 001 |
vtls010056618 |
| 003 |
SK-MaSNL |
| 005 |
20260319070612.0 |
| 008 |
100125c2010 xo |||||||| 000 b|hun |
| 015 |
|
|
|a SNBRB2010/01
|2 snkbucl
|
| 038 |
|
|
|a SNKBUCL
|
| 040 |
|
|
|a DSZK
|b slo
|c DSZK
|e AACR2
|
| 041 |
0 |
|
|a hun
|
| 044 |
|
|
|a xo
|c SK
|
| 080 |
|
|
|a 133.3
|2 2001
|
| 080 |
|
|
|a 133.3-051
|2 2001
|
| 100 |
1 |
|
|a Kossár, Réka
|4 ivr
|4 aut
|9 1038920
|
| 245 |
1 |
0 |
|a Tenyerünkben van a lekünk
|b az a dolgom, hogy erőt, hitet és életkedvet adjak
|c Kossár Réka, Kovács Enikő
|
| 300 |
|
|
|b Fotogr.
|
| 600 |
1 |
7 |
|a Kovács, Enikő
|2 snkbucl
|9 1038921
|
| 650 |
0 |
7 |
|a veštenie
|2 SNKPH
|9 2091
|
| 650 |
0 |
7 |
|a okultizmus
|2 SNKPH
|9 2078
|
| 655 |
|
7 |
|a rozhovory
|2 SNKPH
|9 31831
|
| 700 |
1 |
|
|a Kovács, Enikő
|4 ive
|4 aut
|9 1038921
|
| 773 |
0 |
|
|t Szabad újság
|g Évf. XVIII, sz. 1 (2010), o. 54-55
|x 1335-6631
|
| 852 |
|
|
|a SNK
|b KIS3GCP
|
| 852 |
|
|
|a DSZK
|b KIS3GCP
|
| 958 |
|
|
|a HU
|
| 958 |
|
|
|a SK
|
| 999 |
|
|
|c 1707995
|d 1709925
|